[Event "Women's Speed Chess Q4"]
[Site "chess.com INT"]
[Date "2021.06.03"]
[Round "12"]
[White "Obregon Garcia, Roxangel"]
[Black "Nguyen, Thi Thanh An"]
[Result "1-0"]
[WhiteTitle "WIM"]
[BlackTitle "WGM"]
[WhiteElo "2167"]
[BlackElo "2259"]
[WhiteFideId "3520420"]
[BlackFideId "12400300"]
[EventDate "2021.06.03"]

1. d4 d5 2. c4 e6 3. Nc3 c6 4. Qc2 Nf6 5. cxd5 exd5 6. Bg5 Nbd7 7. e3 Bd6 8. Bd3
h6 9. Bh4 O-O 10. Nge2 Re8 11. O-O Qe7 12. Bg3 Bxg3 13. Nxg3 Nf8 14. Rfe1 Bd7
15. f3 Qd6 16. Rad1 Rad8 17. Bf5 Qc7 18. e4 dxe4 19. fxe4 Bxf5 20. Nxf5 Ng6 21.
e5 Nd5 22. Nd6 Rxd6 23. exd6 Rxe1+ 24. Rxe1 Qxd6 25. Qf5 Nf6 26. Rd1 Qb4 27. Ne4
Nd5 28. Rf1 Qxd4+ 29. Kh1 Ne5 30. Ng3 Qxb2 31. Qc8+ Kh7 32. Nf5 Nf6 33. Qf8 Nh5
34. Nd6 Ng6 35. Qxf7 Qd4 36. Nf5 Qd3 37. Rg1 Nf6 38. Qxg7# 1-0

[Event "Women's Speed Chess Q4"]
[Site "chess.com INT"]
[Date "2021.06.03"]
[Round "12"]
[White "Tarasova, Viktoriya"]
[Black "Pham, Le Thao Nguyen"]
[Result "1/2-1/2"]
[WhiteTitle "WIM"]
[BlackTitle "IM"]
[WhiteElo "2226"]
[BlackElo "2369"]
[WhiteFideId "4175840"]
[BlackFideId "12401226"]
[EventDate "2021.06.03"]

1. d4 d5 2. c4 c6 3. Nf3 Nf6 4. Nc3 a6 5. e3 b5 6. b3 Bg4 7. Be2 e6 8. O-O Nbd7
9. Bb2 Bd6 10. h3 Bh5 11. Ne5 Bxe2 12. Nxe2 Rc8 13. Qc2 O-O 14. a4 bxc4 15. bxc4
c5 16. Nxd7 Nxd7 17. cxd5 cxd4 18. Qd3 exd5 19. Bxd4 a5 20. Rfc1 Qg5 21. Rxc8
Rxc8 22. Rc1 Rb8 23. Qa6 Bb4 24. Rc8+ Rxc8 25. Qxc8+ Nf8 26. Nf4 h6 27. Bc5 Bxc5
28. Qxc5 Ne6 29. Qc8+ Nf8 30. Ne2 Qg6 31. Nd4 Qb1+ 32. Kh2 Qb4 33. Nc6 Qd6+ 34.
g3 Kh7 35. Nxa5 Ne6 36. Qc2+ g6 37. Nb3 Qb4 38. a5 Qa4 39. Kg2 h5 40. h4 Ng7 41.
Qc3 Qa3 42. Qc2 Qa4 43. Kh2 Nf5 44. Qc3 Qa3 45. Qc2 Qa4 46. Qc3 Qa3 47. Qc2 Qa4 1/2-1/2

[Event "Women's Speed Chess Q4"]
[Site "chess.com INT"]
[Date "2021.06.03"]
[Round "12"]
[White "Yu, Jennifer"]
[Black "Nguyen, Thi Mai Hung"]
[Result "0-1"]
[WhiteTitle "FM"]
[BlackTitle "WGM"]
[WhiteElo "2312"]
[BlackElo "2254"]
[WhiteFideId "2078341"]
[BlackFideId "12401676"]
[EventDate "2021.06.03"]

1. c4 c6 2. e4 d5 3. exd5 cxd5 4. d4 Nf6 5. Nc3 g6 6. cxd5 Nxd5 7. Bc4 Nb6 8.
Bb3 Bg7 9. Nf3 O-O 10. O-O Nc6 11. Be3 Na5 12. d5 Nxb3 13. axb3 Bg4 14. h3 Bxf3
15. Qxf3 a6 16. Rfd1 Rc8 17. d6 Rc6 18. Bxb6 Rxb6 19. dxe7 Qxe7 20. Nd5 Qe6 21.
Re1 Qd6 22. Rad1 Kh8 23. Nxb6 Qxb6 24. Re7 Kg8 25. Rxb7 Qe6 26. Qd5 Qe2 27. Rd2
Qe1+ 28. Kh2 Be5+ 29. g3 h5 30. Re7 Bxg3+ 31. fxg3 Qxe7 32. h4 Qf6 33. Qd6 Qf3
34. Qxa6 Re8 35. Qd3 Re3 36. Qd8+ Kh7 37. Qd6 Rxb3 38. Qf4 Qxf4 39. gxf4 Kg7 40.
Kg2 Kf6 41. Kf2 Kf5 42. Ke1 Kxf4 43. Kd1 Kg4 44. Rd4+ Kg3 45. Kc2 Rb6 46. b4 f5
47. Kd3 f4 48. Kc4 f3 49. Kc5 f2 50. Rd1 Rf6 51. b5 Kg2 52. b6 f1=Q 53. Rxf1
Rxf1 54. b7 Rb1 55. Kc6 Rxb7 56. Kxb7 Kg3 57. Kc6 Kxh4 0-1

[Event "Women's Speed Chess Q4"]
[Site "chess.com INT"]
[Date "2021.06.03"]
[Round "12"]
[White "Osmak, Iulija"]
[Black "Bodnaruk, Anastasia"]
[Result "1-0"]
[WhiteTitle "IM"]
[BlackTitle "IM"]
[WhiteElo "2425"]
[BlackElo "2457"]
[WhiteFideId "14101602"]
[BlackFideId "4181751"]
[EventDate "2021.06.03"]

1. b4 e5 2. Bb2 d6 3. e3 Nc6 4. b5 Nce7 5. Nf3 f5 6. d4 e4 7. Nfd2 Nf6 8. c4 d5
9. Nc3 g6 10. Qb3 Be6 11. a4 Bg7 12. Ba3 c6 13. Qb4 Kf7 14. Qd6 Qxd6 15. Bxd6
Rhd8 16. Be5 Nd7 17. Bxg7 Kxg7 18. Be2 c5 19. cxd5 Nxd5 20. Nxd5 Bxd5 21. dxc5
Nxc5 22. O-O Be6 23. Rfd1 Rd7 24. Nc4 Rad8 25. Rxd7+ Rxd7 26. g3 b6 27. Ra3 Bxc4
28. Bxc4 Rd2 29. a5 Nd3 30. axb6 axb6 31. Bxd3 exd3 32. Kg2 Rd1 33. Kf3 g5 34.
h3 h5 35. Rc3 g4+ 36. hxg4 hxg4+ 37. Kf4 Rb1 38. Rxd3 Rxb5 39. Rd6 Kf7 40. Kg5
Rb2 41. Rf6+ Kg7 42. Rxf5 b5 43. Kxg4 Kg6 44. f4 b4 45. Rb5 b3 46. e4 Rb1 47.
Rb6+ Kf7 48. e5 b2 49. Kf5 Kg7 50. g4 Kf7 51. g5 Ke7 52. Rb7+ Kf8 53. g6 1-0

[Event "Women's Speed Chess Q4"]
[Site "chess.com INT"]
[Date "2021.06.03"]
[Round "12"]
[White "Kairbekova, Amina"]
[Black "Priyanka, K"]
[Result "1-0"]
[WhiteTitle "WFM"]
[BlackTitle "WIM"]
[WhiteElo "2132"]
[BlackElo "2218"]
[WhiteFideId "13712799"]
[BlackFideId "5082986"]
[EventDate "2021.06.03"]

1. e4 c5 2. Nc3 a6 3. g3 b5 4. Bg2 Bb7 5. f4 e6 6. Nf3 b4 7. Ne2 Bxe4 8. O-O Nf6
9. d4 Qc7 10. Be3 Ng4 11. Qd2 Nxe3 12. Qxe3 d5 13. c3 a5 14. Rac1 bxc3 15. Nxc3
f5 16. Kh1 Nd7 17. Nxe4 fxe4 18. Ng5 Qb6 19. f5 cxd4 20. Qe2 e5 21. Qh5+ g6 22.
Qh4 Be7 23. Qh6 gxf5 24. Qg7 Qf6 25. Qxf6 Bxf6 26. Ne6 Ke7 27. Nc7 Rac8 28.
Nxd5+ Ke6 29. Nc7+ Kd6 30. Nb5+ Ke7 31. Nc7 d3 32. Bh3 d2 33. Rc6 e3 34. Nd5+
Kf7 35. Rxc8 e2 36. Rcc1 exf1=Q+ 37. Rxf1 e4 38. Ne3 Ne5 39. Bxf5 Nf3 40. Bxe4
Ne1 41. Bd5+ 1-0

[Event "Women's Speed Chess Q4"]
[Site "chess.com INT"]
[Date "2021.06.03"]
[Round "12"]
[White "Arpita, Mukherjee"]
[Black "Grigoryan, Meri"]
[Result "0-1"]
[WhiteTitle "WIM"]
[BlackTitle "WFM"]
[WhiteElo "2206"]
[BlackElo "2044"]
[WhiteFideId "5056403"]
[BlackFideId "13300571"]
[EventDate "2021.06.03"]

1. e4 e5 2. Nf3 Nc6 3. Bb5 Nf6 4. d3 Bc5 5. O-O d6 6. c3 O-O 7. Bxc6 bxc6 8.
Nbd2 Bg4 9. Nc4 Re8 10. h3 Bh5 11. a4 d5 12. exd5 cxd5 13. Ne3 e4 14. dxe4 dxe4
15. Qxd8 Raxd8 16. Nh2 Be2 17. Re1 Bd3 18. b4 Bd6 19. Nhg4 Nxg4 20. Nxg4 h5 21.
Ne3 Be5 22. Bb2 Bf6 23. Rad1 Re6 24. Rd2 a5 25. b5 c6 26. c4 c5 27. Bxf6 Rxf6
28. Nd5 Rfd6 29. Ne3 Rd4 30. Red1 g6 31. f3 f5 32. fxe4 fxe4 33. b6 Rb8 34. Rb2
Kf7 35. Rb5 Bxc4 36. Rxd4 Bxb5 37. Rxe4 Bc6 38. Rf4+ Ke6 39. Nc4 Bxa4 40. Nxa5
Bc2 41. b7 Kd5 42. Rf7 Be4 43. Rc7 Kd4 44. Rc8 Rxb7 45. Nxb7 Bxb7 46. Rc7 Bd5
47. Kf2 c4 48. g4 hxg4 49. hxg4 c3 50. Ke2 Be4 51. g5 Bf5 52. Kf3 c2 53. Kf4 Kd3
54. Kf3 Kd2 0-1

[Event "Women's Speed Chess Q4"]
[Site "chess.com INT"]
[Date "2021.06.03"]
[Round "12"]
[White "Pandey, Srishti"]
[Black "Tomilova, Elena"]
[Result "1/2-1/2"]
[WhiteTitle "WFM"]
[BlackTitle "WGM"]
[WhiteElo "2026"]
[BlackElo "2338"]
[WhiteFideId "35093290"]
[BlackFideId "4162340"]
[EventDate "2021.06.03"]

1. e4 e6 2. d4 d5 3. Bd3 dxe4 4. Bxe4 Nf6 5. Bf3 c5 6. Ne2 Nc6 7. Be3 Be7 8. O-O
Qa5 9. Nbc3 O-O 10. a3 Rd8 11. Bxc6 bxc6 12. Qc1 cxd4 13. Bxd4 c5 14. Be5 Bb7
15. Qf4 Rac8 16. Rfd1 Qb6 17. Rxd8+ Rxd8 18. b3 Qc6 19. f3 Nd7 20. Rd1 f6 21.
Bd6 Re8 22. Bxe7 Rxe7 23. Qd6 Qxd6 24. Rxd6 Kf7 25. Nf4 Ne5 26. Kf2 g5 27. Nfe2
Nc6 28. Ne4 c4 29. Nc5 cxb3 30. cxb3 Ne5 31. Nd4 Bd5 32. b4 h5 33. Ra6 h4 34. g3
hxg3+ 35. hxg3 Nc4 36. f4 gxf4 37. gxf4 Nb6 38. f5 exf5 39. Nxf5 Bc4 40. Nxe7
Bxa6 41. Nc6 Bb5 42. Nxa7 Bc4 43. Nc6 f5 44. Ne5+ Kf6 45. Nxc4 Nxc4 46. a4 Ke5
47. Kf3 Kd4 48. Ne6+ Kc3 49. b5 Kb4 50. b6 Nxb6 51. Nd4 Kxa4 52. Nxf5 1/2-1/2

[Event "Women's Speed Chess Q4"]
[Site "chess.com INT"]
[Date "2021.06.03"]
[Round "12"]
[White "Vo, Thi Kim Phung"]
[Black "Ambartsumova, Karina"]
[Result "1/2-1/2"]
[WhiteTitle "WGM"]
[BlackTitle "IM"]
[WhiteElo "2335"]
[BlackElo "2382"]
[WhiteFideId "12401838"]
[BlackFideId "4166299"]
[EventDate "2021.06.03"]

1. d4 Nf6 2. c4 e6 3. Nc3 d5 4. cxd5 exd5 5. Bg5 c6 6. e3 Be7 7. Bd3 Nbd7 8. Qc2
h6 9. Bh4 Nh5 10. Bxe7 Qxe7 11. Nge2 Nb6 12. a4 Be6 13. a5 Nc4 14. b3 Nd6 15.
Na4 O-O 16. O-O a6 17. Nc5 Rae8 18. Rfe1 Bc8 19. Ng3 Nxg3 20. hxg3 Qg5 21. Qe2
Bg4 22. f3 Bc8 23. Qf2 f5 24. f4 Qf6 25. Qf3 Re7 26. Re2 Rfe8 27. Rae1 Ne4 28.
Bxe4 fxe4 29. Qh5 g6 30. Qxh6 Rh7 31. Qg5 Qxg5 32. fxg5 Rh5 33. Rf1 Rxg5 34. Rf4
Rxg3 35. Kf2 Rg5 36. Re1 Rf8 37. g3 Rgf5 38. Rh1 g5 39. Rxf5 Rxf5+ 40. Kg2 Kg7
41. b4 Rf3 42. Re1 Rf8 43. Re2 Rf7 44. Rf2 Bh3+ 45. Kg1 Rxf2 46. Kxf2 Bc8 47.
Kg2 Kf6 48. g4 Ke7 49. Kg3 Kd6 50. Na4 Kc7 51. Nb6 Be6 52. Na4 Kd6 53. Nc5 Bc8
54. Na4 Kc7 55. Nb6 Be6 56. Na4 Kd6 57. Nc5 Bc8 1/2-1/2

[Event "Women's Speed Chess Q4"]
[Site "chess.com INT"]
[Date "2021.06.03"]
[Round "12"]
[White "Nguyen, Hong Ngoc"]
[Black "Matveeva, Olga"]
[Result "1-0"]
[WhiteTitle "WCM"]
[BlackTitle "WIM"]
[WhiteElo "1957"]
[BlackElo "2145"]
[WhiteFideId "12403083"]
[BlackFideId "24107018"]
[EventDate "2021.06.03"]

1. e4 e6 2. d3 d5 3. Nd2 Nf6 4. g3 g6 5. Bg2 Bg7 6. Ngf3 O-O 7. O-O c5 8. c3 Nc6
9. Qc2 Re8 10. b3 e5 11. Bb2 h6 12. exd5 Nxd5 13. a3 b6 14. Rfe1 Bb7 15. Nc4 Rc8
16. Ne3 Nce7 17. Nxd5 Nxd5 18. Nd2 Qc7 19. Ne4 f5 20. c4 Nf6 21. Nxf6+ Bxf6 22.
Bxb7 Qxb7 23. f4 Qc7 24. Re2 Bg7 25. Rae1 Kh7 26. Bxe5 Bxe5 27. Rxe5 Qd7 28. Qe2
Qd4+ 29. Kg2 Rxe5 30. Qxe5 Qxe5 31. Rxe5 Rc7 32. Kf3 Kg7 33. Ke3 Kf6 34. d4
cxd4+ 35. Kxd4 Rd7+ 36. Rd5 Re7 37. Rd6+ Kf7 38. b4 h5 39. c5 bxc5+ 40. bxc5 h4
41. c6 Re2 42. gxh4 Rxh2 43. Rd7+ Ke8 44. Rxa7 Rc2 45. c7 Kd7 46. Ke5 Rh2 47.
Ra6 Rxh4 48. Rxg6 Kxc7 49. Kxf5 Rh3 50. Ra6 Kd7 51. Ra7+ Ke8 52. Kf6 Rh6+ 53.
Ke5 Kf8 54. f5 Rb6 55. a4 Rc6 56. a5 Rh6 57. Kf4 Rc6 58. Kg5 Rd6 59. Rb7 Ra6 60.
Rb5 Kf7 61. f6 Kf8 62. Rb8+ Kf7 63. Rb7+ Kf8 64. Kg6 Ra8 65. Rh7 1-0

[Event "Women's Speed Chess Q4"]
[Site "chess.com INT"]
[Date "2021.06.03"]
[Round "12"]
[White "Antolak, Julia"]
[Black "Mohota, Nisha"]
[Result "1-0"]
[WhiteTitle "WIM"]
[BlackTitle "IM"]
[WhiteElo "2306"]
[BlackElo "2195"]
[WhiteFideId "1159569"]
[BlackFideId "5004330"]
[EventDate "2021.06.03"]

1. e4 Nf6 2. e5 Nd5 3. Nc3 Nxc3 4. dxc3 d6 5. Nf3 Nc6 6. Qe2 Bg4 7. Bf4 e6 8.
O-O-O Be7 9. h3 Bxf3 10. Qxf3 O-O 11. Qg3 Re8 12. exd6 cxd6 13. Bxd6 Qa5 14.
Bxe7 Nxe7 15. Kb1 Rac8 16. Bd3 Nd5 17. Qh4 g6 18. c4 Nb4 19. a3 Nc6 20. Rhe1 e5
21. Be4 Nd4 22. Bd5 b5 23. Qf6 Qc7 24. f4 bxc4 25. Rxe5 Nf5 26. Rde1 Rxe5 27.
Qxe5 c3 28. Qxc7 Rxc7 29. b4 Rd7 30. Be4 Ng3 31. Bd3 Kg7 32. Ka2 Nh5 33. Re4 Nf6
34. Rc4 Nd5 35. Kb3 Re7 36. Rc5 Ne3 37. Rxc3 Nxg2 38. f5 Nf4 39. fxg6 hxg6 40.
Bb5 g5 41. Rg3 f6 42. c4 Kg6 43. c5 Re1 44. c6 Rc1 45. Rc3 Rxc3+ 46. Kxc3 Nd5+
47. Kd4 Nc7 48. Bd3+ f5 49. Ke5 Kh5 50. Bxf5 Kh4 51. Bg4 Kg3 52. Kd6 Nb5+ 53.
Kd7 Kh4 54. c7 Nxc7 55. Kxc7 Kg3 56. Kb7 Kf4 57. Kxa7 Ke4 58. b5 Kd4 59. b6 Kc4
60. b7 Kb3 61. b8=Q+ Kxa3 62. Qd6+ Ka2 63. Qd2+ Ka1 64. Ka6 Kb1 65. Ka5 Ka1 66.
Ka4 Kb1 67. Ka3 Ka1 68. Qa2# 1-0

[Event "Women's Speed Chess Q4"]
[Site "chess.com INT"]
[Date "2021.06.03"]
[Round "12"]
[White "Papp, Petra"]
[Black "Fominykh, Maria"]
[Result "1-0"]
[WhiteTitle "WGM"]
[BlackTitle "WGM"]
[WhiteElo "2336"]
[BlackElo "2206"]
[WhiteFideId "739049"]
[BlackFideId "4142411"]
[EventDate "2021.06.03"]

1. e4 e6 2. d3 d5 3. Nd2 b6 4. Ngf3 Bb7 5. g3 dxe4 6. dxe4 Nf6 7. Qe2 Nbd7 8.
Bg2 e5 9. O-O Bc5 10. Nh4 g6 11. Nc4 a5 12. a4 Ba6 13. b3 Qe7 14. Rd1 O-O 15.
Bh6 Rfd8 16. Bh3 Nf8 17. Qf3 Bxc4 18. bxc4 Rxd1+ 19. Rxd1 Rd8 20. Rxd8 Qxd8 21.
Bg5 Be7 22. Qd3 Kg7 23. Qe3 Qd1+ 24. Kg2 Qxc2 25. Bh6+ Kg8 26. Nf5 gxf5 27. Qg5+
Ng6 28. exf5 Ne4 29. Qe3 Bc5 30. Qf3 Qxf2+ 31. Qxf2 Nxf2 32. fxg6 hxg6 33. Bd7
Ne4 34. h4 Nc3 35. Bg5 f5 36. Bd8 c6 37. Bxc6 e4 38. Bf6 Ne2 39. Bd5+ Kf8 40.
Bg5 Nd4 41. Kf1 Nc2 42. Ke2 Nb4 43. Bb7 Kf7 44. Bc8 Ke8 45. Be6 Nc6 46. Bd5 Nd4+
47. Kd1 Kd7 48. Bf7 Nf3 49. Bf4 Kc6 50. Bxg6 Bd6 51. Bxf5 Bxf4 52. Bxe4+ Kc5 53.
gxf4 Nxh4 54. Bd5 Ng6 55. f5 Ne5 56. f6 Kb4 57. f7 Nd7 58. Bc6 Nf8 59. Bb5 Kc5
60. Kd2 Ng6 61. Ke2 Kd6 62. Ke3 Ke7 63. Be8 Ne5 64. Kd4 Nxf7 65. Bxf7 Kxf7 66.
Kd5 Ke7 67. Kc6 Kd8 68. Kxb6 Kd7 69. Kxa5 Kc6 70. Kb4 Kb6 71. a5+ Ka6 72. c5 Kb7
73. Kb5 Kc7 74. a6 Kb8 75. Kb6 Ka8 76. c6 Kb8 77. c7+ Kc8 78. a7 1-0

[Event "Women's Speed Chess Q4"]
[Site "chess.com INT"]
[Date "2021.06.03"]
[Round "12"]
[White "Agrest, Inna"]
[Black "Chu, Ruotong"]
[Result "1/2-1/2"]
[WhiteTitle "WIM"]
[BlackTitle "WIM"]
[WhiteElo "2285"]
[BlackElo "2207"]
[WhiteFideId "1708830"]
[BlackFideId "8605653"]
[EventDate "2021.06.03"]

1. e4 c5 2. Nf3 e6 3. d4 cxd4 4. Nxd4 Nc6 5. Nc3 Qc7 6. Be3 Nf6 7. Qf3 a6 8.
O-O-O Bb4 9. Nxc6 dxc6 10. Bd4 e5 11. Qg3 Ng4 12. h3 Bd6 13. hxg4 exd4 14. e5
Bxe5 15. Re1 O-O 16. Rxe5 dxc3 17. Bd3 cxb2+ 18. Kb1 g6 19. Qh4 f6 20. Bc4+ Kh8
21. Re3 b5 22. Bd3 Qg7 23. g5 f5 24. Rhe1 Ra7 25. Re5 Raf7 26. f4 Bd7 27. Qf2 c5
28. Qxc5 Rc8 29. Qd6 Qf8 30. Qd4 Kg8 31. Qxb2 Bc6 32. g3 Re8 33. Rxe8 Bxe8 34.
Re5 Re7 35. Qd4 Rxe5 36. Qxe5 Bf7 37. a3 Qxa3 38. Qb8+ Kg7 39. Qe5+ Kg8 40. Qb8+
Qf8 41. Qb7 Qb4+ 42. Kc1 Qe1+ 43. Kb2 Qb4+ 44. Kc1 Qa3+ 45. Kd2 Qd6 46. Qc8+ Kg7
47. Qc3+ Kg8 48. Qc8+ Kg7 49. Qc3+ Kf8 50. Qc8+ Ke7 51. Qb7+ Ke6 52. Qa8 Qb4+
53. Kc1 Qa3+ 54. Kd2 Qa5+ 55. Kc1 Qb6 56. Qc8+ Ke7 57. Qc3 a5 58. Qe5+ Be6 59.
Qg7+ Kd6 60. Qxh7 b4 61. Qxg6 Qe3+ 62. Kb2 Qd4+ 63. Kc1 Qe3+ 64. Kb2 Qd4+ 65.
Kc1 Qe3+ 1/2-1/2

[Event "Women's Speed Chess Q4"]
[Site "chess.com INT"]
[Date "2021.06.03"]
[Round "12"]
[White "Zawadzka, Jolanta"]
[Black "Batsiashvili, Nino"]
[Result "0-1"]
[WhiteTitle "WGM"]
[BlackTitle "GM"]
[WhiteElo "2399"]
[BlackElo "2491"]
[WhiteFideId "1122320"]
[BlackFideId "13602993"]
[EventDate "2021.06.03"]

1. e4 c6 2. d4 d5 3. Nd2 dxe4 4. Nxe4 Nf6 5. Nxf6+ exf6 6. c3 Bd6 7. Bd3 O-O 8.
Ne2 Re8 9. O-O Nd7 10. Bf4 Nf8 11. Qd2 Ng6 12. Bg3 Bg4 13. f3 Be6 14. f4 Bg4 15.
Rf2 Bxe2 16. Bxe2 Qc7 17. Raf1 Re7 18. Bd3 Rae8 19. Rf3 a5 20. c4 b6 21. Kh1 Qb8
22. b3 b5 23. cxb5 cxb5 24. Qxa5 b4 25. Bc4 Ra7 26. Qd5 Rd8 27. Qe4 Rxa2 28. Re1
Ra7 29. h3 Re7 30. Qb1 Rxe1+ 31. Qxe1 Nxf4 32. Bxf4 Bxf4 33. Qe7 Rf8 34. Rf1 Bd6
35. Qd7 Qb6 36. Rd1 g6 37. Qb5 Qc7 38. Qd5 Kg7 39. Re1 h5 40. Qf3 f5 41. Qe3 Bf4
42. Qe7 Qb6 43. Rd1 Bd6 44. Qd7 Qb8 45. Re1 Qd8 46. Qb7 Qg5 47. Qf3 Qd2 48. Qe2
Qf4 49. g4 hxg4 50. Rf1 Qg3 51. Qg2 gxh3 52. Qxg3 Bxg3 53. Rf3 f4 54. Bf1 Rh8
55. Rd3 g5 56. d5 g4 57. d6 Bf2 58. d7 Bb6 59. Rd6 Bd8 60. Rd5 g3 61. Rd3 g2+
62. Bxg2 hxg2+ 63. Kxg2 Kf6 64. Kf2 Rh5 65. Rd4 Re5 66. Rxb4 Ke7 67. Rb7 Rd5 68.
Kf3 Rxd7 69. Rb5 Rd4 70. Re5+ Kf6 71. Rb5 Bc7 72. Rb7 Bd6 73. Rb6 Ke5 74. Kg4
Rd3 75. Rb7 Rg3+ 76. Kh4 Rg1 77. Rxf7 Ke4 78. Kh3 f3 79. Rf6 Be5 80. Rf7 Bf4 81.
Re7+ Kd3 82. Rf7 f2 83. Rxf4 f1=Q+ 84. Rxf1 Rxf1 85. Kg2 Rb1 86. b4 Rb3 87. Kf3
Rxb4 88. Kf2 Rf4+ 89. Kg3 Ke3 90. Kg2 Rg4+ 91. Kh3 Kf3 92. Kh2 Rg5 93. Kh3 Rh5# 0-1

[Event "Women's Speed Chess Q4"]
[Site "chess.com INT"]
[Date "2021.06.03"]
[Round "12"]
[White "Pourkashiyan, Atousa"]
[Black "Enkhtuul, Altan-Ulzii"]
[Result "1-0"]
[WhiteTitle "WGM"]
[BlackTitle "WGM"]
[WhiteElo "2322"]
[BlackElo "2228"]
[WhiteFideId "12502014"]
[BlackFideId "4901444"]
[EventDate "2021.06.03"]

1. e4 Nf6 2. e5 Nd5 3. d4 d6 4. exd6 exd6 5. Nf3 Be7 6. Be2 O-O 7. O-O Nc6 8. c4
Nb6 9. Nc3 Bg4 10. b3 Bf6 11. Be3 d5 12. c5 Nc8 13. Nd2 Bxe2 14. Nxe2 N8e7 15.
a3 Nf5 16. Nf3 Re8 17. Qd2 Qe7 18. Nc3 Nxe3 19. fxe3 Qxe3+ 20. Qxe3 Rxe3 21.
Nxd5 Rxf3 22. gxf3 Bxd4+ 23. Kg2 Bxa1 24. Rxa1 Rc8 25. b4 a6 26. a4 Kf8 27. b5
Ne7 28. Nc3 Rd8 29. Ra2 a5 30. b6 cxb6 31. cxb6 Rd6 32. Rb2 Nc6 33. Ne4 Rd5 34.
Rc2 f5 35. Nc5 Nb4 36. Rc3 Rd2+ 37. Kg1 Rd6 38. Nxb7 Rxb6 39. Nxa5 Nd5 40. Rc5
Ne3 41. Nc6 Rb1+ 42. Kf2 f4 43. a5 Rb2+ 44. Ke1 Ra2 45. Nb4 Ra4 46. Nd3 Ke7 47.
Nxf4 Rxf4 48. Re5+ Kd6 49. Rxe3 Ra4 50. Re8 Rxa5 51. Rh8 h6 52. Rh7 Ra7 53. Kf2
Ke6 54. Kg3 Kf7 55. Rh8 Ra3 56. Rc8 Kg6 57. Rc6+ Kh5 58. Rc5+ g5 59. Rc6 Ra1 60.
Rc7 Rg1+ 61. Kf2 Rh1 62. Kg2 Rb1 63. Kg3 Rg1+ 64. Kf2 Rb1 65. Rc6 Rb2+ 66. Kg3
Rb3 67. Rc5 Ra3 68. Rd5 Rb3 69. h4 Ra3 70. hxg5 hxg5 71. Rd8 Rb3 72. Rh8+ Kg6
73. Kg4 Rb4+ 74. Kg3 Rb3 75. Rf8 Kg7 76. Rc8 Kg6 77. Rc6+ Kh5 78. Rc8 Rb6 79.
Rh8+ Rh6 80. Rg8 Rg6 81. Rf8 Rh6 82. Rg8 Rg6 83. Rb8 Rh6 84. Rb1 Rg6 85. Rh1# 1-0

[Event "Women's Speed Chess Q4"]
[Site "chess.com INT"]
[Date "2021.06.03"]
[Round "12"]
[White "Sviridova, Vlada"]
[Black "Vantika, Agrawal"]
[Result "1-0"]
[WhiteTitle "WFM"]
[BlackTitle "WIM"]
[WhiteElo "2144"]
[BlackElo "2286"]
[WhiteFideId "24109606"]
[BlackFideId "25050389"]
[EventDate "2021.06.03"]

1. d4 Nf6 2. c4 e6 3. Nf3 d5 4. Nc3 Be7 5. Bf4 O-O 6. e3 c5 7. dxc5 Bxc5 8. a3
Nc6 9. Qc2 Qa5 10. Rd1 Rd8 11. Be2 d4 12. exd4 Bxd4 13. O-O Bxc3 14. Rxd8+ Nxd8
15. Qxc3 Qxc3 16. bxc3 Nc6 17. Ne5 Nxe5 18. Bxe5 Nd7 19. Bd6 f6 20. Bf3 a5 21.
Rb1 Ra7 22. c5 Kf7 23. h4 a4 24. Rb4 Ne5 25. Be4 Nc6 26. Rb6 Bd7 27. h5 f5 28.
Bf3 g5 29. hxg6+ hxg6 30. g4 Kf6 31. gxf5 gxf5 32. Kg2 e5 33. Bd5 e4 34. Kf1 Kg5
35. Ke2 Kg4 36. Ke3 Kg5 37. Bc7 Kf6 38. Bf4 Kg6 39. Bd6 Kf6 40. Kf4 Kg6 41. Bc4
Kf6 42. Bb5 Ke6 43. Bc4+ Kf6 44. Bg8 Kg7 45. Bd5 Kf6 46. Bc4 Kg7 47. Kg5 Be8 48.
Be6 e3 49. fxe3 Na5 50. Bxf5 Bc6 51. Be5+ Kf7 52. Rb4 Ra8 53. Rh4 Rg8+ 54. Kf4
Nc4 55. Rh7+ Kf8 56. Bd6+ Nxd6 57. cxd6 Rg1 58. d7 Rd1 59. Rh8+ Ke7 60. Re8+ Kf7
61. d8=Q Rf1+ 62. Ke5 Bxe8 63. Qf6+ Kg8 64. Qe6+ Kf8 65. Qd6+ Kg7 66. Qc7+ Bf7
67. Be6 Kg6 68. e4 Bxe6 69. Kxe6 Rf6+ 70. Ke5 b6 71. Qd8 Rc6 72. Qe8+ Kg5 73.
Qxc6 Kg4 74. Qxb6 Kf3 75. Kd4 Ke2 76. Qf6 Kd2 77. Qf4+ Kc2 78. Kc4 Kb2 79. Qf2+
Kxa3 80. Qc5+ Kb2 81. Qb4+ Kc2 82. Qxa4+ Kd2 83. Kd4 Ke2 84. Qc2+ Kf3 85. e5 Kf4
86. e6 Kg5 87. Qf2 Kg6 88. Qf3 Kg7 89. e7 Kg6 90. Qf4 Kg7 91. e8=Q Kh7 92. Qef7+
Kh8 93. Qh6# 1-0

[Event "Women's Speed Chess Q4"]
[Site "chess.com INT"]
[Date "2021.06.03"]
[Round "13"]
[White "Szente Varga, Fruzsina"]
[Black "Grigoryan, Meri"]
[Result "1-0"]
[WhiteTitle "WFM"]
[BlackTitle "WFM"]
[WhiteElo "2100"]
[BlackElo "2044"]
[WhiteFideId "712264"]
[BlackFideId "13300571"]
[EventDate "2021.06.03"]

1. e4 e5 2. d4 exd4 3. Qxd4 Nc6 4. Qe3 Nf6 5. Bd2 b6 6. Nc3 Bb7 7. O-O-O Bc5 8.
Qg3 Rg8 9. f4 Qe7 10. e5 Nh5 11. Qh3 g6 12. Nd5 Qd8 13. g4 Nd4 14. Bg2 c6 15.
Nc3 Qe7 16. gxh5 gxh5 17. Ne4 O-O-O 18. Nf3 1-0

[Event "Women's Speed Chess Q4"]
[Site "chess.com INT"]
[Date "2021.06.03"]
[Round "13"]
[White "Linares Napoles, Oleiny"]
[Black "Tarasova, Viktoriya"]
[Result "1-0"]
[WhiteTitle "WGM"]
[BlackTitle "WIM"]
[WhiteElo "2255"]
[BlackElo "2226"]
[WhiteFideId "3504794"]
[BlackFideId "4175840"]
[EventDate "2021.06.03"]

1. d4 Nf6 2. Bf4 e6 3. e3 b6 4. h3 Bb7 5. Nf3 d5 6. Nbd2 Bd6 7. Bd3 O-O 8. O-O
Ne4 9. c3 Nd7 10. Qc2 Ndf6 11. Ne5 h6 12. f3 Nxd2 13. Qxd2 c5 14. Rae1 Qc7 15.
Bh2 Nd7 16. f4 Nf6 17. g4 Ne4 18. Qg2 f6 19. Ng6 Rfe8 20. h4 Qf7 21. h5 Qc7 22.
Rf3 Rac8 23. Ref1 c4 24. Bc2 b5 25. Rh3 a5 26. g5 fxg5 27. Bxe4 dxe4 28. fxg5
Bxh2+ 29. Rxh2 Kh7 30. Rh4 Qd8 31. gxh6 gxh6 32. Rf7+ 1-0

[Event "Women's Speed Chess Q4"]
[Site "chess.com INT"]
[Date "2021.06.03"]
[Round "13"]
[White "Chitlange, Sakshi"]
[Black "Rakshitta, Ravi"]
[Result "0-1"]
[WhiteTitle "WIM"]
[BlackTitle "WIM"]
[WhiteElo "2167"]
[BlackElo "2190"]
[WhiteFideId "35002899"]
[BlackFideId "25073230"]
[EventDate "2021.06.03"]

1. d4 Nf6 2. c4 Nc6 3. Nf3 e6 4. g3 Bb4+ 5. Nbd2 d6 6. Bg2 O-O 7. O-O e5 8. d5
Nb8 9. Nb3 Nbd7 10. Nh4 a5 11. a3 Bc5 12. Bd2 Bb6 13. Qc2 a4 14. Nc1 Nc5 15. Nd3
Nb3 16. Rad1 Nd4 17. Qb1 Nxe2+ 18. Kh1 Nd4 19. Be3 Bg4 20. f3 Bd7 21. Nb4 Ne8
22. Nc2 Nxc2 23. Bxb6 cxb6 24. Qxc2 f5 25. Rfe1 Rc8 26. Bf1 Qc7 27. Bd3 g6 28.
Qd2 Nf6 29. Rc1 Qc5 30. Ng2 Qd4 31. Ne3 e4 32. fxe4 fxe4 33. Rc3 exd3 34. Rxd3
Qe4+ 35. Kg1 Ng4 36. Rd4 Ne5 0-1

[Event "Women's Speed Chess Q4"]
[Site "chess.com INT"]
[Date "2021.06.03"]
[Round "13"]
[White "Zaksaite, Salomeja"]
[Black "Head, Louise"]
[Result "1-0"]
[WhiteTitle "WIM"]
[BlackTitle "WFM"]
[WhiteElo "2202"]
[BlackElo "2090"]
[WhiteFideId "12801496"]
[BlackFideId "424773"]
[EventDate "2021.06.03"]

1. e4 c6 2. d4 d5 3. e5 Bf5 4. Nf3 e6 5. Be2 h6 6. O-O Ne7 7. Nbd2 c5 8. dxc5
Nd7 9. c4 Qc7 10. cxd5 Nxd5 11. Nd4 Bg6 12. Nb5 Qxe5 13. Nc4 Qb8 14. Nbd6+ Bxd6
15. Nxd6+ Ke7 16. b4 Nxb4 17. Ba3 Nc6 18. Bf3 Nde5 19. Re1 Qc7 20. Rxe5 Nxe5 21.
Bxb7 Rad8 22. Qe2 Nc6 23. f4 Rb8 24. f5 Nd4 25. Qe5 Nc2 26. f6+ Kf8 27. fxg7+
Ke7 28. Nf5+ Bxf5 29. Qxc7+ Kf6 30. gxh8=Q+ Rxh8 31. Bb2+ 1-0